Strategie personální stabilizace zaměstnanců ve firmách a podnicích

Hlavné úlohy riadenia ľudských zdrojov. Spôsoby motivácie. Problémy stratégie personálnej stabilizácie schopných pracovných síl vo firmách a podnikoch.

Salvato in:
Dettagli Bibliografici
Autore principale: Kotyza, Otakar
Natura: Capitolo di libro
Lingua:ceco
Soggetti:
Tags: Aggiungi Tag
Nessun Tag, puoi essere il primo ad aggiungerne!!

MARC

LEADER 00000naa$a2200000$$$4500
001 0111414
005 20231128130615.4
041 0 |a cze 
044 |a CZ 
245 1 0 |a Strategie personální stabilizace zaměstnanců ve firmách a podnicích  |c Otakar Kotyza 
520 |a Hlavné úlohy riadenia ľudských zdrojov. Spôsoby motivácie. Problémy stratégie personálnej stabilizácie schopných pracovných síl vo firmách a podnikoch. 
610 2 0 |a riadenie ľudských zdrojov 
610 2 0 |a motivácia pracovná 
610 2 0 |a manažment personálny 
610 2 0 |a stabilizácia pracovníkov 
100 1 |a Kotyza, Otakar